Bài tập sức bền vật liệu

保存先:
書誌詳細
第一著者: Bùi Trọng Lựu
フォーマット: 図書
言語:Undetermined
出版事項: Hà Nội Giáo dục 1994
主題:
タグ: タグ追加
タグなし, このレコードへの初めてのタグを付けませんか!
Thư viện lưu trữ: Trung tâm Học liệu Trường Đại học Cần Thơ
LEADER 00572nam a2200181Ia 4500
001 CTU_17707
008 210402s9999 xx 000 0 und d
020 |c 40700 
082 |a 620.112076 
082 |b L656/1994 
100 |a Bùi Trọng Lựu 
245 0 |a Bài tập sức bền vật liệu 
245 0 |c Bùi Trọng Lựu, Nguyễn Văn Vượng 
260 |a Hà Nội 
260 |b Giáo dục 
260 |c 1994 
650 |a strength of materials - problems, exercises, etc 
980 |a Trung tâm Học liệu Trường Đại học Cần Thơ